The practical irrigator and drainer (Record no. 114368)

MARC details
000 -LEADER
fixed length control field 00607cam a22002055a 4500
001 - CONTROL NUMBER
control field L156700
008 - FIXED-LENGTH DATA ELEMENTS--GENERAL INFORMATION
fixed length control field 120626s1834 xxk f 000 0 eng d
035 ## - SYSTEM CONTROL NUMBER
System control number (Sirsi) u156700
041 0# - LANGUAGE CODE
Language code of text/sound track or separate title eng
100 1# - MAIN ENTRY--PERSONAL NAME
Personal name Stephens, George
245 04 - TITLE STATEMENT
Title The practical irrigator and drainer
250 ## - EDITION STATEMENT
Edition statement 3rd ed.
260 ## - PUBLICATION, DISTRIBUTION, ETC.
Place of publication, distribution, etc. Edinburgh
Name of publisher, distributor, etc. W. Blackwood
Date of publication, distribution, etc. 1834
300 ## - PHYSICAL DESCRIPTION
Extent [2], vi, 195 p., [9] leaves of plates
Other physical details plans
Dimensions 22 cm.
520 ## - SUMMARY, ETC.
Summary, etc. Edition statement taken from preface.
583 ## - ACTION NOTE
Action Condition reviewed
Time/date of action 20120620
Status condition level 3
651 #4 - SUBJECT ADDED ENTRY--GEOGRAPHIC NAME
Geographic name Great Britain
Chronological subdivision 1707-
690 ## - LOCAL SUBJECT ADDED ENTRY--TOPICAL TERM (OCLC, RLIN)
Topical term or geographic name as entry element Rural
9 (RLIN) 6268
942 ## - ADDED ENTRY ELEMENTS (KOHA)
Suppress in OPAC 0
Holdings
Withdrawn status Lost status Damaged status Not for loan Home library Current library Shelving location Date acquired Total Checkouts Full call number Barcode Date last seen Copy number Price effective from Koha item type
        Historic collection Historic collection Historic collection 26/06/2012   AGRICULTURE OCTAVO 1834 STEPHENS 30078161 20/08/2025 1 06/08/2019 Book